00963 a2200229 45000010006000000050017000060080041000230030015000640400040000790800033001192450030001520200018001822500012002002640051002123000019002635050278002820410008005601000019005687000022005877000025006098560099006345290520260407155803.0260407a1994 arg spa dAR-UNSa-BCEJYS aAR-UNSa-BCEJYSbspacAR-UNSa-BCEJYS a330.101.542xMicroeconomía10aTeoría microeconómica a968-16-4087-X a3a. ed. 1aMéxico :bFondo de Cultura Económicac1994 a870 p.c23 cm. a1. Demanda,oferta y mercados: una visión introductoria - 2. La teoría de la producción y del costo - 3. La teoría de la emnpresa y la organización del mercado - 4. La teoría de la distribución - 5. La teoría del equilibrio general y el bienestar económico aspa1 aGould, John P.1 aLazear, Edward P.1 aSuárez, Eduardo L.41uhttps://www.biblioeco.unsa.edu.ar/pmb/images/libros/L128338.jpgyImagen de portadaqimage/jpeg